[Event "Armenia Quindio op"]
[Site "Armenia"]
[Date "2024.04.07"]
[Round "6"]
[White "Guzman Gallego, Juan David"]
[Black "Ospina Soto, Sara Lucia"]
[Result "1/2-1/2"]
[WhiteElo "1640"]
[BlackElo "1452"]
[PlyCount "81"]
[EventDate "2024.04.06"]
[EventType "swiss"]
[EventRounds "6"]
[EventCountry "COL"]
[SourceTitle "CB16_2024"]
[SourceDate "2024.04.17"]
[SourceVersion "1"]
[SourceVersionDate "2024.04.17"]
[SourceQuality "1"]

1. e4 c6 2. Nf3 d5 3. Nc3 d4 4. Ne2 Bg4 5. Nexd4 e5 6. Nb3 Nf6 7. d3 Nbd7 8. Be2 Be6 9. h3 h6 10. Be3 Bd6 11. Nbd2 Bc5 12. d4 exd4 13. Bxd4 Bxd4 14. Nxd4 Nc5 15. Nxe6 Nxe6 16. 0-0 Nc5 17. Re1 0-0 18. Bc4 Re8 19. e5 Nfd7 20. Nf3 Qc7 21. Qd6 Qxd6 22. exd6 Kf8 23. Kf1 Rxe1+ 24. Rxe1 Re8 25. Rxe8+ Kxe8 26. Nd2 Nb6 27. Bb3 f6 28. Bg8 a5 29. Nb3 Nxb3 30. axb3 Kd7 31. Ke2 Kxd6 32. Kf3 c5 33. Kf4 Ke7 34. g4 Kd6 35. h4 Ke7 36. g5 fxg5+ 37. hxg5 hxg5+ 38. Kxg5 a4 39. bxa4 Nxa4 40. b3 Nc3 41. Kf4 1/2-1/2

[Event "ARG-ch U18 Girls"]
[Site "Ibague"]
[Date "2024.03.17"]
[Round "6"]
[White "Ospina Soto, Sara Lucia"]
[Black "Gonzalez Velasquez, Juana Valentina"]
[Result "1-0"]
[WhiteElo "1419"]
[BlackElo "1613"]
[PlyCount "123"]
[EventDate "2024.03.14"]
[EventType "swiss"]
[EventRounds "7"]
[EventCountry "COL"]
[SourceTitle "CB12_2024"]
[SourceDate "2023.10.01"]
[SourceVersion "1"]
[SourceVersionDate "2023.10.01"]
[SourceQuality "1"]

1. d4 d5 2. c4 c6 3. Nc3 Nf6 4. Bg5 e6 5. Nf3 h6 6. Bxf6 Qxf6 7. cxd5 cxd5 8. e3 Qd8 9. Bd3 Be7 10. 0-0 0-0 11. e4 dxe4 12. Bxe4 Nd7 13. d5 Nc5 14. dxe6 Bxe6 15. Bc2 Rc8 16. Qe2 Nd7 17. Rfd1 Bf6 18. Rab1 Bxc3 19. bxc3 Rxc3 20. Rxb7 Qc8 21. Rb2 Nf6 22. h3 Bxh3 23. gxh3 Qxh3 24. Rd3 Qg4+ 25. Kf1 Qh3+ 26. Ke1 Re8 27. Re3 Rcxe3 28. fxe3 Qg3+ 29. Kd1 Rd8+ 30. Kc1 h5 31. Bb3 Rc8+ 32. Kb1 Ne4 33. Qg2 Nc3+ 34. Ka1 Qd6 35. Qd2 Qf6 36. Qd7 Rf8 37. Qd4 Qc6 38. Rc2 Qxf3 39. Qxc3 Rd8 40. Kb2 h4 41. Rh2 h3 42. e4 Qg4 43. Qxh3 Qxh3 44. Rxh3 Rd2+ 45. Ka3 g5 46. Rg3 Re2 47. Rxg5+ Kf8 48. Rf5 Rxe4 49. Rxf7+ Ke8 50. Rxa7 Re7 51. Rxe7+ Kxe7 52. Kb4 Kd7 53. Kb5 Kc7 54. Bd5 Kd6 55. a4 Kxd5 56. a5 Kd6 57. Kb6 Kd7 58. Kb7 Kd8 59. a6 Kd7 60. a7 Kd8 61. Kc6 Kc8 62. a8Q# 1-0

[Event "ARG-ch U18 Girls"]
[Site "Ibague"]
[Date "2024.03.16"]
[Round "4"]
[White "Largo Chaparro, Sofia Alejandra"]
[Black "Ospina Soto, Sara Lucia"]
[Result "1-0"]
[WhiteElo "1672"]
[BlackElo "1419"]
[PlyCount "65"]
[EventDate "2024.03.14"]
[EventType "swiss"]
[EventRounds "7"]
[EventCountry "COL"]
[SourceTitle "CB12_2024"]
[SourceDate "2023.10.01"]
[SourceVersion "1"]
[SourceVersionDate "2023.10.01"]
[SourceQuality "1"]

1. d4 Nf6 2. Nf3 g6 3. Bg5 Bg7 4. Nbd2 0-0 5. e4 d6 6. Bd3 Nbd7 7. 0-0 c5 8. c3 cxd4 9. cxd4 e5 10. Nc4 exd4 11. Nxd4 Ne5 12. Nb5 Nxc4 13. Bxc4 Qe7 14. f3 Rd8 15. Nc3 Be6 16. Qb3 Bxc4 17. Qxc4 Qe6 18. Nd5 Rf8 19. Bxf6 Bxf6 20. Nxf6+ Qxf6 21. Qb4 b6 22. Rfd1 Rfd8 23. Rd5 Rd7 24. Rad1 Rad8 25. e5 Qe6 26. Rxd6 Rxd6 27. Rxd6 Rxd6 28. exd6 Qd7 29. Qd4 h5 30. Qf6 Qb5 31. h3 Qc5+ 32. Kh2 Qf2 33. d7 1-0

[Event "COL-ch U12 Girls"]
[Site "Choconta"]
[Date "2023.03.19"]
[Round "5"]
[White "Munoz Hoyos, Maria Antonia"]
[Black "Ospina Soto, Sara Lucia"]
[Result "0-1"]
[WhiteElo "1214"]
[BlackElo "1402"]
[PlyCount "94"]
[EventDate "2023.03.17"]
[EventType "swiss"]
[EventRounds "7"]
[EventCountry "COL"]
[SourceTitle "CBM 213 Extra"]
[Source "ChessBase"]
[SourceDate "2023.05.31"]
[SourceVersion "1"]
[SourceVersionDate "2023.05.31"]
[SourceQuality "1"]

1. e4 c6 2. d4 d5 3. exd5 cxd5 4. Nf3 g6 5. c4 Nf6 6. Nc3 Bg7 7. Bd3 Nc6 8. Bf4 0-0 9. 0-0 dxc4 10. Bxc4 Bg4 11. Be3 e6 12. Qe2 Bxf3 13. Qxf3 Nxd4 14. Bxd4 Qxd4 15. Bb3 b6 16. Rfd1 Qg4 17. Qe3 Rad8 18. Rd3 Qb4 19. Rad1 Qe7 20. Rxd8 Rxd8 21. Rc1 Qc5 22. Qe2 Bh6 23. Re1 Rd2 24. Qf3 Qf5 25. Qxf5 exf5 26. Nd1 Ne4 27. g4 Ng5 28. gxf5 Nf3+ 29. Kf1 Nxe1 30. Kxe1 gxf5 31. f3 Rxh2 32. Kf1 Rd2 33. Kg1 Bg7 34. Kf1 Bxb2 35. Nxb2 Rxb2 36. Kg1 b5 37. f4 a5 38. Bd5 a4 39. Kf1 Rd2 40. Bc6 Rxa2 41. Ke1 b4 42. Bd5 Rb2 43. Kd1 b3 44. Bxf7+ Kxf7 45. Kc1 a3 46. Kd1 a2 47. Kc1 a1Q# 0-1

[Event "COL-ch U10"]
[Site "Bogota"]
[Date "2021.03.25"]
[Round "3"]
[White "Ospina Soto, Sara Lucia"]
[Black "Payares Diaz, Alejandro"]
[Result "0-1"]
[WhiteElo "1269"]
[BlackElo "1279"]
[PlyCount "116"]
[EventDate "2021.03.24"]
[EventType "swiss"]
[EventRounds "7"]
[EventCountry "COL"]
[SourceTitle "EXT 2022"]
[Source "ChessBase"]
[SourceDate "2021.10.06"]
[SourceVersion "1"]
[SourceVersionDate "2021.10.06"]
[SourceQuality "1"]

1. d4 d5 2. c4 e6 3. cxd5 exd5 4. Nc3 Bb4 5. Bd2 Nf6 6. Nf3 Bg4 7. a3 Bxc3 8. Bxc3 Bxf3 9. exf3 0-0 10. Be2 Re8 11. 0-0 Nc6 12. Qd2 Qe7 13. Rfe1 Qd7 14. Bb5 Rxe1+ 15. Rxe1 h6 16. Re2 a6 17. Bxc6 Qxc6 18. Qe1 Qc4 19. Re7 Qc6 20. h3 Re8 21. Rxe8+ Qxe8 22. Qxe8+ Nxe8 23. Kf1 Nd6 24. Ke2 Kf8 25. Bb4 Ke7 26. Ke3 Ke6 27. Kd3 Nc4 28. b3 Nd6 29. Bxd6 Kxd6 30. Kd2 Kc6 31. Kc3 Kb5 32. g3 c5 33. dxc5 Kxc5 34. Kd3 a5 35. h4 b5 36. g4 g5 37. h5 f6 38. Ke3 a4 39. b4+ Kc4 40. Kd2 Kb3 41. Kd3 Kxa3 42. Kc3 d4+ 43. Kxd4 Kxb4 44. Ke4 a3 45. Kf5 a2 46. Kxf6 a1Q+ 47. Kg6 Qa6+ 48. Kf5 Kc4 49. f4 gxf4 50. Kxf4 Qf6+ 51. Kg3 b4 52. f4 b3 53. f5 b2 54. Kf4 b1R 55. Kg3 Rb3+ 56. Kf2 Qb2+ 57. Ke1 Ra3 58. f6 Ra1# 0-1